| 000 | 00418nam a2200145Ia 4500 | ||
|---|---|---|---|
| 005 | 20251222153638.0 | ||
| 008 | 251222s9999||||xx |||||||||||||| ||spa|| | ||
| 020 | _a9786124113772 | ||
| 082 | _a347.51/C61 | ||
| 100 | _aCieza Mora, Jairo | ||
| 245 | 0 | _aProblemática de la Nulidad y la Impugnación de los Acuerdos de las Sociedades y Asociaciones: | |
| 250 | _a1ra. ed. | ||
| 264 | _bGaceta Jurídica | ||
| 942 | _cLIB | ||
| 999 |
_c32643 _d32643 |
||